000 00976nam a22003377a 4500
001 BR0603865
003 BR-BrBNA
005 20230928102245.0
007 ta
008 230509b bl.||||| |||| 00| 0 por d
040 _aBR-BrBNA
_bpor
_cBiblioteca Nacional de Agricultura
041 _a(Por)
072 _aE16
_b9410
090 _ 9410 BR0603865
100 1 _aKrug, E.E.B.
100 1 _aKliks, V.
245 1 _aOs melhores do leite: coeficientes técnicos e econômicos; práticas, processos e procedimentos Benchmarking
260 3 _aSanta Maria, RS (Brasil):
_c2003.
300 _a291 p.
500 _aBibliography p. 277-282; 86 tables
650 _aLEITE
650 _aECONOMIA DA PRODUÇÃO
650 _aPRODUTIVIDADE
650 _aCADEIA PRODUTIVA
650 _aASSISTÊNCIA TÉCNICA
650 _aADMINISTRAÇÃO RURAL
650 _aCUSTO DE PRODUÇÃO
650 _aCUSTO OPERACIONAL
909 _a202309
_bLucia
_c55
_dLucia Elande
942 _cBK
999 _c69884
_d69884